| 000 | 00546nam a2200193Ia 4500 | ||
|---|---|---|---|
| 001 | 56887 | ||
| 008 | 140506s9999 xx 000 0 und d | ||
| 020 | _a97881230342637 | ||
| 040 | _cPK-LaUMT | ||
| 082 |
_a 616.0754 _bTHE-B |
||
| 100 | _aTheis, Fabian J. | ||
| 245 |
_aBiomedical signal analysis _bcontemporary methods and applications _cTheis, Fabian J.<>Meyer-Base, Anke |
||
| 260 |
_aNew Delhi,India: _bPHI Learning, _c2011 |
||
| 300 | _a415 p. | ||
| 546 | _aEN | ||
| 650 | _aSignal analysis | ||
| 700 | _aMeyer-Base, Anke | ||
| 942 | _cBK | ||
| 999 |
_c54179 _d54179 |
||